000
00332nam a22001457a 4500
082
_a
894.812.3
_b
BAL/M
100
_a
BALAKRISHNAN, C V
245
_a
MARUKARA
246
_a
MARUKARA
_b
MARUKARA
260
_a
KOTTAYAM, KERALA, INDIA
_b
MATHRUBHUMI
_c
2023
300
_a
119
520
_a
NOVEL
650
_a
MALAYALAM NOVEL
942
_c
BK
999
_c
8659
_d
8659